Normal view MARC view
  • Sampling (Statistics)

Entry Topical Term

Number of records used in: 6

001 - CONTROL NUMBER

  • control field: 1210

003 - CONTROL NUMBER IDENTIFIER

  • control field: NUST

005 - DATE AND TIME OF LATEST TRANSACTION

  • control field: 20170519122153.0

008 - FIXED-LENGTH DATA ELEMENTS

  • fixed length control field: 170519|| aca||aabn | a|a d

040 ## - CATALOGING SOURCE

  • Original cataloging agency: NUST
  • Transcribing agency: NUST

150 ## - HEADING--TOPICAL TERM

  • Topical term or geographic name entry element: Sampling (Statistics)

670 ## - SOURCE DATA FOUND

  • Source citation: Work cat.: (NUST)23471: Cochran, William Gemmell. 1209, Sampling techniques, c1963.
© 2023 Central Library, National University of Sciences and Technology. All Rights Reserved.